000 00686cam a22002172 4500
001 0000020689
005 20151217152219.0
008 111004s xx 000 0 eng d
020 _a0393054136 :
040 _aKABU
_cKABU
100 1 _aSoden, Garrett.
_@0000181216
245 1 0 _aFalling :
_bhow our greatest fear became our greatest thrill - a history /
_cGarrett Soden.
250 _a1st ed.
260 _aNew York :
_bW. W. Norton,
_c2003.
300 _aviii, 342 p.
650 0 _aDaredevils
_xHistory.
_@0000181217
650 0 _aJumping
_xPsychological aspects.
_@0000181218
852 1 _9p3875 KES
908 _a111004
950 _@1
999 _c9462
_d9462